Химия нефти и газа. Лабораторный практикум: учебно-методическое пособие
| Autor principal: | |
|---|---|
| Autor corporatiu: | |
| Altres autors: | , |
| Sumari: | Заглавие с титульного экрана Электронная версия печатной публикации Пособие содержит краткое описание теоретических положений и лабораторных работ, посвященных современным методам физико-химического анализа нефти, нефтяных фракций и нефтепродуктов, которые служат для их общей технической характеристики и определения свойств. Сопровождается справочным разделом по описанию и подробному исследованию некоторых месторождений Томской области с характеристикой нефти и ее классификацией. Предназначено для студентов и аспирантов, обучающихся по направлениям 18. 04.01 «Химическая технология», 18.04.02 «Энерго- и ресурсосберегающие процессы в химической технологии, нефтехимии и биотехнологии». Режим доступа: из корпоративной сети ТПУ |
| Idioma: | rus |
| Publicat: |
Томск, Изд-во ТПУ, 2018
|
| Matèries: | |
| Accés en línia: | http://www.lib.tpu.ru/fulltext2/m/2018/m053.pdf |
| Format: | MixedMaterials Electrònic Llibre |
| KOHA link: | https://koha.lib.tpu.ru/cgi-bin/koha/opac-detail.pl?biblionumber=342101 |
MARC
| LEADER | 00000nlm0a2200000 4500 | ||
|---|---|---|---|
| 001 | 342101 | ||
| 005 | 20240209114410.0 | ||
| 035 | |a (RuTPU)RU\TPU\book\370623 | ||
| 090 | |a 342101 | ||
| 100 | |a 20181207d2018 m y0rusy50 ca | ||
| 101 | 0 | |a rus | |
| 102 | |a RU | ||
| 105 | |a a j 001zy | ||
| 135 | |a drcn ---uucaa | ||
| 181 | 0 | |a i | |
| 182 | 0 | |a b | |
| 200 | 1 | |a Химия нефти и газа. Лабораторный практикум |e учебно-методическое пособие |f Н. И. Кривцова, Н. Л. Мейран, Е. М. Юрьев | |
| 203 | |a Текст |c электронный | ||
| 210 | |a Томск |c Изд-во ТПУ |d 2018 | ||
| 300 | |a Заглавие с титульного экрана | ||
| 300 | |a Электронная версия печатной публикации | ||
| 330 | |a Пособие содержит краткое описание теоретических положений и лабораторных работ, посвященных современным методам физико-химического анализа нефти, нефтяных фракций и нефтепродуктов, которые служат для их общей технической характеристики и определения свойств. Сопровождается справочным разделом по описанию и подробному исследованию некоторых месторождений Томской области с характеристикой нефти и ее классификацией. Предназначено для студентов и аспирантов, обучающихся по направлениям 18. 04.01 «Химическая технология», 18.04.02 «Энерго- и ресурсосберегающие процессы в химической технологии, нефтехимии и биотехнологии». | ||
| 333 | |a Режим доступа: из корпоративной сети ТПУ | ||
| 606 | 1 | |a Нефть |x Химия |2 stltpush |3 (RuTPU)RU\TPU\subj\33709 | |
| 610 | 1 | |a учебные пособия | |
| 610 | 1 | |a электронный ресурс | |
| 610 | 1 | |a труды учёных ТПУ | |
| 610 | 1 | |a лабораторные работы | |
| 610 | 1 | |a нефтепродукты | |
| 610 | 1 | |a качество | |
| 610 | 1 | |a фракционный состав | |
| 610 | 1 | |a физико-химические свойства | |
| 610 | 1 | |a месторождения | |
| 610 | 1 | |a Томская область | |
| 675 | |a 665.6(075.8) |v 3 | ||
| 700 | 1 | |a Кривцова |b Н. И. |c химик-технолог |c доцент Томского политехнического университета, кандидат технических наук |f 1983- |g Надежда Игоревна |3 (RuTPU)RU\TPU\pers\30193 |9 14587 | |
| 701 | 1 | |a Мейран |b Н. Л. |g Наталья Леонидовна | |
| 701 | 1 | |a Юрьев |b Е. М. |c специалист в области нефтегазового дела |c доцент Томского политехнического университета, кандидат технических наук |f 1986- |g Егор Михайлович |3 (RuTPU)RU\TPU\pers\24964 |9 11118 | |
| 712 | 0 | 2 | |a Национальный исследовательский Томский политехнический университет |b Инженерная школа природных ресурсов |c (2017- ) |3 (RuTPU)RU\TPU\col\23377 |
| 801 | 2 | |a RU |b 63413507 |c 20181218 |g RCR | |
| 856 | 4 | |u http://www.lib.tpu.ru/fulltext2/m/2018/m053.pdf | |
| 942 | |c CF | ||